| 000 | 004540000a22001810004500 | ||
|---|---|---|---|
| 003 | MACL | ||
| 005 | 20160101154756.0 | ||
| 008 | 160101b xxu||||| |||| 00| 0 eng d | ||
| 040 |
_aMACL _cMACL |
||
| 041 | _aEnglish | ||
| 082 | _a353.365/BHA | ||
| 100 |
_aBhardwaj, R K _926597 |
||
| 245 | _aIndian Police Administration | ||
| 260 |
_bNational _c1978 _aDelhi |
||
| 350 | _a80 | ||
| 650 |
_aPublic Administration _926598 |
||
| 942 |
_cBK _k353.365/Bha _2ddc |
||
| 999 |
_c34081 _d34081 |
||